000
00264nam a22001217a 4500
082
_a
005.2 HOL'M
100
_a
HOLTZ, MATHEW
_9
64643
245
_a
MASTERING VENTURA 3.0 GEM
250
_a
3RD ED
260
_a
NEW DELHI
_b
BPB
_c
1991
300
_a
632P
942
_c
BK
999
_c
573075
_d
573075